شاہنامۂ اسلام / Shāhnāmah-yi Islām / (Record no. 85150)
[ view plain ]
| 000 -LEADER | |
|---|---|
| fixed length control field | 00807nam a2200217 4500 |
| 001 - CONTROL NUMBER | |
| control field | 85150 |
| 003 - CONTROL NUMBER IDENTIFIER | |
| rucl marc code | BD-RjUL |
| 005 - DATE AND TIME OF LATEST TRANSACTION | |
| control field | 20250709104515.0 |
| 008 - FIXED-LENGTH DATA ELEMENTS--GENERAL INFORMATION | |
| fixed length control field | 250709s1965 pk ||||| |||| 00| 0 u d |
| 035 ## - SYSTEM CONTROL NUMBER | |
| System control number | (BD-RjUL)85150 |
| 040 ## - CATALOGING SOURCE | |
| Original cataloging agency | BD-RjUL |
| Language of cataloging | eng |
| Transcribing agency | BD-RjUL |
| 041 ## - LANGUAGE CODE | |
| Language code of text/sound track or separate title | urd |
| 082 ## - DEWEY DECIMAL CLASSIFICATION NUMBER | |
| Edition number | 23 |
| Classification number | 297.09 |
| Author mark and year | HAS 1965 |
| 100 ## - MAIN ENTRY--PERSONAL NAME | |
| Personal name | حفىظ جالندھرى, ابوالاثر.., Ḥafīz̤ Jālandharī, Abūlas̲ar |
| 9 (RLIN) | 15939 |
| 245 10 - TITLE STATEMENT | |
| Title | شاہنامۂ اسلام / Shāhnāmah-yi Islām / |
| Statement of responsibility, etc. | ابوالاثر حفىظ جالندھرى ;; Abūlas̲ar Ḥafīz̤ Jālandharī. |
| 260 ## - PUBLICATION, DISTRIBUTION, ETC. (IMPRINT) | |
| Place of publication, distribution, etc. | Lahore : |
| Name of publisher, distributor, etc. | ,نقوش پریس |
| Date of publication, distribution, etc. | 1965 |
| 300 ## - PHYSICAL DESCRIPTION | |
| Pagination | 224 p. ; |
| Size | 20 cm |
| 650 ## - SUBJECT ADDED ENTRY--TOPICAL TERM | |
| Topical term or geographic name as entry element | Islam Religious poetry |
| Form subdivision | Urdu History and criticism |
| 9 (RLIN) | 15940 |
| Topical term or geographic name as entry element | Criticism, interpretation, etc Islam |
| 9 (RLIN) | 15941 |
| 942 ## - ADDED ENTRY ELEMENTS (KOHA) | |
| Source of classification or shelving scheme | Dewey Decimal Classification |
| Koha item type | Books |
| Lost status | Source of classification or shelving scheme | Damaged status | Not for loan | Collection code | Permanent Location | Current Location | Shelving location | Date acquired | Source of acquisition | Cost, normal purchase price | Total Checkouts | Full call number | Date last seen | Copy number | Koha item type |
|---|---|---|---|---|---|---|---|---|---|---|---|---|---|---|---|
| Dewey Decimal Classification | Not For Loan | Non-fiction | Central Library, University of Rajshahi | Central Library, University of Rajshahi | Reading Room | 01/10/1971 | U.K. Foundation | 26.00 | U 297.09 HAS V -1 1965 | 09/07/2025 | C-1 | Books | |||
| Dewey Decimal Classification | Non-fiction | Central Library, University of Rajshahi | Central Library, University of Rajshahi | General Stacks | 07/10/1971 | Sh. Mubarak ali | 26.00 | U 297.09 HAS V -4 1965 | 31/07/2025 | C-1 | Books |